000 00756nam a22002177a 4500
001 4373
003 FISKH
005 20240814161935.0
008 240814b cb ||||| |||| 00| 0 eng d
040 _aFISKH
_beng
_cFISKH
_dFISKH
050 _aPZ7.S8482
082 _a823.8
100 _aStevenson, Robert Louis
245 _aTreasure island /
_cBy Robert Louis Stevenson
260 _aPhnom Penh :
_bFootprints International School,
_c2024.
300 _a266 pages :
_c21 cm
520 _aWhile going through the possessions of a deceased guest who owed them money, the mistress of the inn and her son find a treasure map that leads them to a pirate's fortune.
650 _aAdventure
_vHistorical Fiction
942 _2ddc
_cBK
_n0
999 _c4373
_d4373